[Event "Acropolis Women's Open"]
[Site "Athens GRE"]
[Date "2006.08.14"]
[Round "2"]
[White "Yildiz, B."]
[Black "Iordanidou, Z."]
[Result "1-0"]
[WhiteElo "2212"]
[BlackElo "1968"]
[PlyCount "75"]
[EventDate "2006.08.13"]

1. e4 d5 2. exd5 Nf6 3. Bb5+ Bd7 4. Be2 Nxd5 5. d4 Bf5 6. Nf3 e6 7. O-O Bd6 8.
c4 Nf6 9. Nc3 h6 10. Qb3 Qc8 11. Nb5 Be7 12. Nh4 c6 13. Nxf5 exf5 14. Nc3 O-O
15. Bd3 Kh7 16. Qc2 g6 17. Bf4 Nh5 18. Be5 Na6 19. Be2 Ng7 20. d5 Rd8 21. Rad1
Ne8 22. a3 Bd6 23. Bxd6 Rxd6 24. b4 cxd5 25. c5 Re6 26. Nxd5 b6 27. Nf4 Rf6 28.
Bf3 Rb8 29. c6 b5 30. Rd7 Nec7 31. Qc3 Kg7 32. Rd6 Ne8 33. Rxf6 Nxf6 34. Nd5
Qe6 35. Re1 Qd6 36. c7 Rc8 37. Nxf6 Qxf6 38. Qxf6+ 1-0

[Event "Acropolis Women's Open"]
[Site "Athens GRE"]
[Date "2006.08.15"]
[Round "3"]
[White "Vijayalakshmi, S."]
[Black "Yildiz, B."]
[Result "0-1"]
[WhiteElo "2417"]
[BlackElo "2212"]
[PlyCount "100"]
[EventDate "2006.08.13"]

1. Nf3 Nf6 2. g3 g6 3. Bg2 Bg7 4. O-O O-O 5. d4 d5 6. Be3 c6 7. Qc1 Qb6 8. Rd1
Ne4 9. Nbd2 Nd6 10. Nb3 Nc4 11. Bh6 Nd7 12. Rb1 a5 13. Qf4 Nf6 14. Bxg7 Kxg7
15. Nc5 Bf5 16. Nd3 Nd6 17. Nfe5 Be4 18. c3 Bxg2 19. Kxg2 a4 20. g4 Qc7 21. h4
Nd7 22. h5 f6 23. Nxd7 Qxd7 24. Nc5 Qc8 25. hxg6 hxg6 26. Rh1 Nf7 27. Rh2 Rh8
28. Rxh8 Kxh8 29. g5 Nxg5 30. Rh1+ Kg7 31. Qh4 Qf5 32. Qh6+ Kf7 33. Rh4 b6 34.
Nd3 Ne6 35. Qh7+ Ng7 36. Rh3 Qe4+ 37. Kf1 a3 38. b3 c5 39. Rf3 cxd4 40. Rf4 Qe6
41. cxd4 Rg8 42. Ne5+ Ke8 43. Qxg6+ Kd8 44. Nf7+ Kd7 45. Rf3 Qe4 46. Qg3 Qb1+
47. Kg2 Qh7 48. Qh3+ Ne6+ 49. Kh2 Qxf7 50. Re3 Rg5 0-1

[Event "Acropolis Women's Open"]
[Site "Athens GRE"]
[Date "2006.08.16"]
[Round "4"]
[White "Yildiz, B."]
[Black "Krivec, J."]
[Result "1-0"]
[WhiteElo "2212"]
[BlackElo "2316"]
[PlyCount "131"]
[EventDate "2006.08.13"]

1. e4 e5 2. Nf3 Qe7 3. Nc3 Nf6 4. Bc4 h6 5. O-O d6 6. d4 c6 7. dxe5 dxe5 8. a4
a5 9. Qe2 Qc7 10. Be3 Bb4 11. Rad1 Nbd7 12. Nh4 Nb6 13. Bb3 O-O 14. Na2 Re8 15.
c3 Bf8 16. Ng6 Be6 17. Bxe6 Rxe6 18. Nxf8 Rxf8 19. b3 Nbd7 20. f3 Rb8 21. Rd2
b5 22. Rfd1 bxa4 23. bxa4 Nb6 24. Bc5 Nxa4 25. Bd6 Qb6+ 26. Kh1 Rd8 27. Qe1 Qb3
28. Bc7 Rxd2 29. Qxd2 Re7 30. Qd8+ Re8 31. Qd2 Re7 32. Qd8+ Kh7 33. Bxa5 Rd7
34. Rxd7 Nxd7 35. h3 Qxa2 36. Qxd7 Qa1+ 37. Kh2 Nc5 38. Qf5+ Kg8 39. Bb4 Nd3
40. Qc8+ Kh7 41. Qd7 Qf1 42. Qxf7 Nf4 43. Qf5+ Kg8 44. Qc8+ Kh7 45. Qg4 Qf2 46.
Bf8 Ng6 47. Qf5 Qc2 48. h4 Qf2 49. Be7 Qe3 50. h5 Qf4+ 51. Qxf4 Nxf4 52. Bd6
Nd3 53. Kg3 Kg8 54. Kg4 Kf7 55. Kf5 Ne1 56. Bxe5 Nxg2 57. Bd4 Ne1 58. f4 Nd3
59. e5 c5 60. e6+ Kf8 61. Be5 c4 62. Bd6+ Ke8 63. Kg6 Nf2 64. Kxg7 Ne4 65. Be5
Ke7 66. f5 1-0

[Event "Acropolis Women's Open"]
[Site "Athens GRE"]
[Date "2006.08.17"]
[Round "5"]
[White "Foisor, C."]
[Black "Yildiz, B."]
[Result "1-0"]
[WhiteElo "2393"]
[BlackElo "2212"]
[PlyCount "87"]
[EventDate "2006.08.13"]

1. Nf3 Nf6 2. g3 g6 3. b3 Bg7 4. Bb2 b6 5. Bg2 Bb7 6. O-O O-O 7. c4 c5 8. d3 d6
9. Nbd2 Nbd7 10. a3 a5 11. Qc2 Qc7 12. Nb1 Bc6 13. Nc3 Qb7 14. e4 Ne8 15. Nd5
Ndf6 16. d4 Nxd5 17. exd5 Bd7 18. Rfe1 Bf5 19. Qd2 Nf6 20. Nh4 Bc8 21. Bc3 a4
22. dxc5 bxc5 23. b4 cxb4 24. axb4 Qc7 25. c5 Ba6 26. Rxa4 Bc4 27. Rxa8 Rxa8
28. cxd6 Qxd6 29. Be5 Qb6 30. Bd4 Qd6 31. Bc5 Qd7 32. d6 Ra2 33. Qc1 Be6 34.
dxe7 Ne8 35. Nf3 Qa4 36. Qe3 Ra3 37. Qf4 Bc3 38. Rf1 Ra1 39. Ng5 Rxf1+ 40. Bxf1
Bf6 41. Nxe6 fxe6 42. b5 Qa8 43. b6 Qb7 44. Bb5 1-0

[Event "Acropolis Women's Open"]
[Site "Athens GRE"]
[Date "2006.08.18"]
[Round "6"]
[White "Yildiz, B."]
[Black "Karlovich, A."]
[Result "1/2-1/2"]
[WhiteElo "2212"]
[BlackElo "2285"]
[PlyCount "58"]
[EventDate "2006.08.13"]

1. e4 e5 2. Nf3 Nc6 3. Bb5 a6 4. Bxc6 dxc6 5. O-O f6 6. d4 exd4 7. Nxd4 c5 8.
Ne2 Qxd1 9. Rxd1 Bd7 10. Nbc3 O-O-O 11. Be3 Bd6 12. Nf4 Ne7 13. Nd3 b6 14. a4
Nc6 15. Nd5 Rhe8 16. f3 Be6 17. N5f4 Bf7 18. Ne2 Rd7 19. g4 h5 20. gxh5 f5 21.
Ng3 fxe4 22. Nxe4 Bxh5 23. Nxd6+ cxd6 24. Kf2 d5 25. Nf4 Bf7 26. c3 d4 27. cxd4
cxd4 28. Bd2 Kb7 29. Rg1 Bb3 1/2-1/2

[Event "Acropolis 2006 Open Section"]
[Site "http://www.chessfed.gr/Acropo"]
[Date "2006.08.21"]
[Round "9.24"]
[White "Dounis, Alexandros"]
[Black "Citak, Selim"]
[Result "1/2-1/2"]
[WhiteElo "2152"]
[BlackElo "2258"]
[PlyCount "34"]
[EventDate "2006.08.13"]

1. Nf3 c5 2. g3 Nc6 3. d4 e6 4. Bg2 Nf6 5. O-O d5 6. c4 Be7 7. Nc3 O-O 8. cxd5
exd5 9. Bg5 c4 10. Ne5 Be6 11. e3 h6 12. Bxf6 Bxf6 13. Nxc4 Nxd4 14. Nd2 Nc6
15. Nb3 d4 16. exd4 Nxd4 17. Nc5 Rc8 1/2-1/2

[Event "Acropolis 2006 Open Section"]
[Site "http://www.chessfed.gr/Acropo"]
[Date "2006.08.21"]
[Round "9.26"]
[White "Grigoriadis, Alexandros"]
[Black "Yagiz, Yasin Emrah"]
[Result "1-0"]
[WhiteElo "2214"]
[BlackElo "2343"]
[PlyCount "57"]
[EventDate "2006.08.13"]

1. d4 e6 2. c4 b6 3. Nf3 Bb7 4. Nc3 f5 5. Bg5 Be7 6. Bxe7 Qxe7 7. e3 Nf6 8. Bd3
O-O 9. O-O Ne4 10. Bxe4 fxe4 11. Nd2 d5 12. cxd5 exd5 13. Qb3 c6 14. Ndxe4 Kh8
15. Ng3 Nd7 16. Rfe1 Qh4 17. Qa3 c5 18. Rad1 c4 19. b3 cxb3 20. axb3 Nf6 21. f3
Rae8 22. Nf5 Qg5 23. Nd6 Bc8 24. Nxe8 Rxe8 25. Qd6 Kg8 26. Qf4 Qg6 27. e4 Rf8
28. Qd6 Qg5 29. Nxd5 1-0

[Event "Acropolis 2006 Women Section"]
[Site "http://www.chessfed.gr/Acropo"]
[Date "2006.08.19"]
[Round "7.6"]
[White "Rogule, Laura"]
[Black "Yildiz, Betul Cemre"]
[Result "1-0"]
[WhiteElo "2342"]
[BlackElo "2212"]
[PlyCount "69"]
[EventDate "2006.08.13"]

1. e4 c5 2. Nc3 Nc6 3. g3 g6 4. Bg2 Bg7 5. Nge2 d6 6. O-O Rb8 7. f4 Nd4 8. h3
e6 9. Kh2 Ne7 10. d3 b5 11. Nxd4 cxd4 12. Ne2 O-O 13. Bd2 Bb7 14. a4 a6 15. Nc1
Qd7 16. axb5 axb5 17. Nb3 Rbc8 18. Na5 Ba8 19. Bb4 f5 20. Qd2 e5 21. c3 exf4
22. gxf4 Rfe8 23. cxd4 Bxd4 24. Nb3 Bg7 25. Bc3 Bxc3 26. bxc3 fxe4 27. dxe4 Qe6
28. Nd4 Qc4 29. f5 Nc6 30. fxg6 Nxd4 31. Qh6 Re7 32. cxd4 Qxd4 33. gxh7+ Rxh7
34. Qe6+ Kg7 35. Rf7+ 1-0

[Event "Acropolis 2006 Women Section"]
[Site "http://www.chessfed.gr/Acropo"]
[Date "2006.08.20"]
[Round "8.10"]
[White "Yildiz, Betul Cemre"]
[Black "Makka, Ioulia"]
[Result "1-0"]
[WhiteElo "2212"]
[BlackElo "2219"]
[PlyCount "129"]
[EventDate "2006.08.13"]

1. e4 e6 2. d4 d5 3. Nd2 dxe4 4. Nxe4 Nd7 5. Nf3 Ngf6 6. Nxf6+ Nxf6 7. Bd3 c5
8. dxc5 Bxc5 9. O-O O-O 10. Qe2 Qc7 11. Bg5 Nd5 12. Rad1 Nf4 13. Bxf4 Qxf4 14.
Ne5 f6 15. Nc4 f5 16. c3 Qc7 17. Ne5 Bd6 18. Rfe1 b6 19. Bc2 Bb7 20. Bb3 Rf6
21. Rxd6 Qxd6 22. Rd1 Qc7 23. Rd7 Ba6 24. Qe3 Qc5 25. Qg3 Qf8 26. Rc7 Bb5 27.
a4 Be8 28. Qd3 a6 29. h3 f4 30. Qe4 Rd8 31. Ng4 Rg6 32. Bxe6+ Kh8 33. Bf5 Rgd6
34. Bxh7 Rd1+ 35. Kh2 Qd6 36. Rc4 Bf7 37. Rc6 Qd5 38. Rxb6 Qxe4 39. Bxe4 Bc4
40. Ne5 Re8 41. Bf3 Rf1 42. Ng6+ Kg8 43. Nxf4 Rxf2 44. Rc6 Bb3 45. Rxa6 Rb8 46.
a5 Rxb2 47. Rc6 Bf7 48. a6 Ra2 49. Nd3 Be8 50. Rd6 Ra3 51. c4 Kh8 52. Bb7 Ra5
53. Nb4 Ra4 54. Nc6 Bxc6 55. Rxc6 Kg8 56. Rc7 Kf8 57. c5 Rd8 58. Rc6 Ra2 59.
Rb6 Rdd2 60. Bf3 Ke7 61. c6 Rd3 62. Rb7+ Kf6 63. c7 Rc3 64. Rb6+ Kg5 65. Rc6
1-0

[Event "Acropolis 2006 Women Section"]
[Site "http://www.chessfed.gr/Acropo"]
[Date "2006.08.21"]
[Round "9.9"]
[White "Fakhiridou, Ekaterini"]
[Black "Yildiz, Betul Cemre"]
[Result "1-0"]
[WhiteElo "2296"]
[BlackElo "2212"]
[PlyCount "83"]
[EventDate "2006.08.13"]

1. e4 c5 2. b3 d6 3. Bb5+ Nd7 4. Bb2 e6 5. Ne2 Ngf6 6. Bxd7+ Bxd7 7. d3 Be7 8.
O-O Bc6 9. Nd2 d5 10. e5 Nd7 11. f4 Qc7 12. d4 O-O-O 13. Nf3 f6 14. dxc5 Bxc5+
15. Bd4 Bb5 16. Re1 Kb8 17. Kh1 Rc8 18. Ng3 fxe5 19. fxe5 Be7 20. c3 g5 21. a4
Ba6 22. b4 Bc4 23. Nd2 Rhg8 24. Qh5 Nf8 25. Nxc4 dxc4 26. Ne4 Ng6 27. b5 Nf4
28. Qf3 Nd5 29. a5 Qd7 30. Reb1 Rcf8 31. Qe2 Rf4 32. Ra4 Nc7 33. Nf6 Bxf6 34.
exf6 Qd5 35. b6 Nb5 36. Qe5+ Qxe5 37. Bxe5+ Ka8 38. Bxf4 Nxc3 39. Rxc4 Nxb1 40.
Bd6 Nd2 41. f7 Rd8 42. Rc2 1-0